Nobelova cena za ekonómiu 1994 - pocta matematickému modelovaniu
Teória hier bola r. 1994 poctená Nobelovou cenou za ekonómiu. Bola udelená 3 predstaviteľom tejto disciplíny: J.F. Nashovi z Princetonu (USA), J.C. Harsanyimu z Berkeley (USA) a R. Seltenovi z Bonnu (Nemecko).
Saved in:
| Main Author: | |
|---|---|
| Format: | Book Chapter |
| Language: | Slovak |
| Subjects: | |
| Tags: |
No Tags, Be the first to tag this record!
|
MARC
| LEADER | 00000naa a2200000 4500 | ||
|---|---|---|---|
| 001 | r017217 | ||
| 005 | 20221213095550.2 | ||
| 041 | 0 | |a slo | |
| 044 | |a SK | ||
| 245 | 1 | 0 | |a Nobelova cena za ekonómiu 1994 - pocta matematickému modelovaniu |c Ladislav Unčovský |
| 520 | |a Teória hier bola r. 1994 poctená Nobelovou cenou za ekonómiu. Bola udelená 3 predstaviteľom tejto disciplíny: J.F. Nashovi z Princetonu (USA), J.C. Harsanyimu z Berkeley (USA) a R. Seltenovi z Bonnu (Nemecko). | ||
| 610 | 2 | 0 | |a Nobelova cena |
| 610 | 2 | 0 | |a teória hier |
| 610 | 2 | 0 | |a modelovanie matematické |
| 610 | 2 | 0 | |a Nash, J. |
| 610 | 2 | 0 | |a Harsanyi, J. |
| 610 | 2 | 0 | |a Selten, R. |
| 610 | 2 | 0 | |a 1994 |
| 100 | 1 | |a Unčovský, Ladislav | |